000
00228nam a2200097Ia 4500
001
648846
005
20250826153730.0
008
250824s9999 xx 000 0 und d
245
0
_a
BU ÜLKE
_c
CEMİL MERİÇ
260
_b
İLETİŞİM
999
_c
648846
_d
648846